000
00199 a2200097 4500
001
4
100
_a
Wolpert
245
_a
Tilak and Gokhale
260
_a
_b
University of california
_c
090
_c
4
_d
4
942
_a
NUST-CAE
_c
M
_c
30266
999
_c
235077
_d
235077